[Event "VIE-ch"]
[Site "Ha Tien"]
[Date "2023.09.13"]
[Round "2"]
[White "Dang, Anh Minh"]
[Black "Dau, Khuong Duy"]
[Result "0-1"]
[WhiteElo "2051"]
[BlackElo "2292"]
[PlyCount "86"]
[EventDate "2023.09.13"]
[EventType "swiss"]
[EventRounds "9"]
[EventCountry "VIE"]
[SourceTitle "EXT 2024"]
[Source "ChessBase"]
[SourceDate "2023.10.10"]
[SourceVersion "1"]
[SourceVersionDate "2023.10.10"]
[SourceQuality "1"]

1. d4 d6 2. Nf3 Nf6 3. c4 g6 4. Nc3 Bg7 5. e4 0-0 6. Be2 e5 7. 0-0 Nc6 8. d5 Ne7 9. b4 Ne8 10. c5 h6 11. Nd2 f5 12. f3 g5 13. a4 Ng6 14. Ba3 f4 15. Nc4 Rf7 16. b5 Bf8 17. b6 cxb6 18. cxd6 Bd7 19. Rb1 Rc8 20. Qd2 h5 21. a5 g4 22. axb6 axb6 23. Na2 Qh4 24. Rfc1 Nf6 25. Bb2 Re8 26. Nb4 Nh7 27. Nd3 g3 28. h3 Bxh3 29. gxh3 Ng5 30. Ncxe5 Rxe5 31. Nxe5 Nxh3+ 32. Kg2 Ng1 33. Bd4 Qh2+ 34. Kf1 Nxe5 35. Qb2 Nxe2 36. Qxe2 Qh1+ 37. Bg1 Nxf3 38. Qd3 Qxg1+ 39. Ke2 Qf2+ 40. Kd1 g2 41. Qe2 g1Q+ 42. Kc2 Qxe2+ 43. Kb3 Qb5+ 0-1

[Event "Titled Tuesday intern op 01st Aug Early"]
[Site "Chess.com INT"]
[Date "2023.08.01"]
[Round "10"]
[White "Aronian, Levon"]
[Black "Dau, Khuong Duy"]
[Result "1-0"]
[WhiteElo "2742"]
[BlackElo "2292"]
[PlyCount "95"]
[EventDate "2023.08.01"]
[EventType "swiss (blitz)"]
[EventRounds "11"]
[EventCountry "USA"]
[SourceTitle "EXT 2024"]
[Source "ChessBase"]
[SourceDate "2023.10.10"]
[SourceVersion "1"]
[SourceVersionDate "2023.10.10"]
[SourceQuality "1"]

1. e4 c5 2. Nf3 d6 3. c3 Nf6 4. Be2 g6 5. 0-0 Bg7 6. d3 0-0 7. Be3 Nc6 8. Nbd2 b6 9. d4 cxd4 10. cxd4 Ng4 11. Bg5 h6 12. Bh4 g5 13. Bg3 Nf6 14. d5 Nb8 15. h4 g4 16. Nh2 h5 17. f3 gxf3 18. Nhxf3 Nbd7 19. Nd4 Nc5 20. Nc6 Qe8 21. Rf4 e5 22. Rxf6 Bxf6 23. b4 Nd7 24. Bxh5 Bg7 25. Nc4 Nf6 26. Nxd6 Qd7 27. Nf5 Re8 28. Nxe5 Rxe5 29. Bxe5 Qe8 30. Bxf6 Bxf6 31. Bxf7+ Qxf7 32. Nh6+ Kg7 33. Nxf7 Bxa1 34. Qxa1+ Kxf7 35. e5 Bf5 36. e6+ Bxe6 37. dxe6+ Kxe6 38. h5 Re8 39. h6 Re7 40. Qe1+ Kd7 41. Qxe7+ Kxe7 42. h7 Kd6 43. h8Q Kc6 44. Qc3+ Kb7 45. g4 Kb8 46. g5 Kb7 47. g6 Ka6 48. g7 1-0

[Event "Titled Tuesday intern op 01st Aug Early"]
[Site "Chess.com INT"]
[Date "2023.08.01"]
[Round "2"]
[White "Dau, Khuong Duy"]
[Black "Bodnaruk, Anastasia"]
[Result "0-1"]
[WhiteElo "2292"]
[BlackElo "2340"]
[PlyCount "120"]
[EventDate "2023.08.01"]
[EventType "swiss (blitz)"]
[EventRounds "11"]
[EventCountry "USA"]
[SourceTitle "EXT 2024"]
[Source "ChessBase"]
[SourceDate "2023.10.10"]
[SourceVersion "1"]
[SourceVersionDate "2023.10.10"]
[SourceQuality "1"]

1. c4 e5 2. Nc3 d6 3. e3 g6 4. Nge2 Bg7 5. g3 f5 6. Bg2 Nf6 7. d4 0-0 8. 0-0 Nc6 9. b3 e4 10. Bb2 g5 11. a3 Ne7 12. b4 Ng6 13. Rc1 c6 14. b5 Qe7 15. Qc2 h5 16. a4 h4 17. a5 hxg3 18. fxg3 Ng4 19. Qd2 f4 20. exf4 e3 21. Qd3 Bf5 22. Be4 Nf2 23. Rxf2 exf2+ 24. Kxf2 Bxe4 25. Qxe4 Qxe4 26. Nxe4 gxf4 27. g4 f3 28. N2g3 Nf4 29. Rd1 cxb5 30. cxb5 Nh3+ 31. Kf1 Rac8 32. Bc1 Rc2 33. Bd2 Bxd4 34. Nf5 Be5 35. Ne3 Ra2 36. Ng3 Bf4 37. Ngf5 Re8 38. Bc1 Ra1 39. Re1 Re5 40. Nc2 Rxe1+ 41. Nxe1 Rxc1 42. Nd4 f2 43. Ndf3 fxe1Q+ 44. Nxe1 Bd2 45. Kg2 Rxe1 46. Kxh3 Bxa5 47. g5 Rb1 48. Kg4 Rxb5 49. h4 Re5 50. Kh5 Bd2 51. Kg6 d5 52. h5 d4 53. h6 d3 54. h7+ Kh8 55. Kf7 Rxg5 56. Ke8 Bf4 57. Kd7 d2 58. Kc8 d1Q 59. Kxb7 Rg7+ 60. Ka8 Qd8# 0-1

[Event "Titled Tuesday intern op 01st Aug Early"]
[Site "Chess.com INT"]
[Date "2023.08.01"]
[Round "9"]
[White "Dau, Khuong Duy"]
[Black "Matinian, Nikita"]
[Result "1-0"]
[WhiteElo "2292"]
[BlackElo "2421"]
[PlyCount "55"]
[EventDate "2023.08.01"]
[EventType "swiss (blitz)"]
[EventRounds "11"]
[EventCountry "USA"]
[SourceTitle "EXT 2024"]
[Source "ChessBase"]
[SourceDate "2023.10.10"]
[SourceVersion "1"]
[SourceVersionDate "2023.10.10"]
[SourceQuality "1"]

1. e4 c5 2. Nf3 e6 3. d4 cxd4 4. Nxd4 Nc6 5. Nc3 Nf6 6. g4 Nxd4 7. Qxd4 Nxg4 8. Rg1 Nf6 9. Bg5 h6 10. Be3 Qa5 11. a3 e5 12. Qd3 a6 13. 0-0-0 d6 14. f4 Be6 15. fxe5 dxe5 16. Nd5 Bxd5 17. exd5 Rd8 18. Bg2 Bc5 19. b4 Bxe3+ 20. Qxe3 Qc7 21. d6 Qd7 22. Qxe5+ Kf8 23. Bh3 Qe8 24. Qe7+ Kg8 25. Qxf6 Rh7 26. Bf5 g6 27. Bxg6 Rg7 28. Bh7+ 1-0

[Event "Titled Tuesday intern op 01st Aug Early"]
[Site "Chess.com INT"]
[Date "2023.08.01"]
[Round "5"]
[White "Dushyant, Sharma"]
[Black "Dau, Khuong Duy"]
[Result "0-1"]
[WhiteElo "2325"]
[BlackElo "2292"]
[PlyCount "116"]
[EventDate "2023.08.01"]
[EventType "swiss (blitz)"]
[EventRounds "11"]
[EventCountry "USA"]
[SourceTitle "EXT 2024"]
[Source "ChessBase"]
[SourceDate "2023.10.10"]
[SourceVersion "1"]
[SourceVersionDate "2023.10.10"]
[SourceQuality "1"]

1. e4 c5 2. Nf3 d6 3. d4 cxd4 4. Nxd4 Nf6 5. Nc3 a6 6. f4 e6 7. Nf3 Nc6 8. Bd3 Qc7 9. a4 Be7 10. 0-0 0-0 11. Kh1 b6 12. Qe1 Nd7 13. Qg3 Bb7 14. Bd2 Kh8 15. Qh3 Nc5 16. Rae1 Nxd3 17. cxd3 Qd7 18. Nd5 Bd8 19. Ng5 h6 20. Be3 Kg8 21. Nf3 Ne7 22. Nxb6 Bxb6 23. Bxb6 Qxa4 24. Bd4 Ng6 25. Qg3 Kh7 26. Bc3 f6 27. Nd4 Qd7 28. f5 exf5 29. exf5 Ne5 30. Ne6 Rf7 31. Rf4 Re8 32. d4 Nc6 33. Qg6+ Kg8 34. Rh4 Ne7 35. Qg4 Kh7 36. Qf4 Bd5 37. Nxg7 Rxg7 38. Qxh6+ Kg8 39. Qxf6 Bxg2+ 40. Kg1 Bf3+ 41. Kf2 Qc6 42. Rg1 Nxf5 43. Rxg7+ Nxg7 44. Qxg7+ Kxg7 45. d5+ Qxc3 46. bxc3 Bxd5 47. Ra4 Bb7 48. Ra5 Re7 49. Kg3 Kf6 50. Rh5 Ke6 51. Kf4 Rc7 52. Rh6+ Kd5 53. Rh5+ Kc4 54. Rh6 Rc6 55. Ke3 Kxc3 56. h4 d5 57. Rh7 d4+ 58. Ke4 Rc7+ 0-1

[Event "Titled Tuesday intern op 01st Aug Early"]
[Site "Chess.com INT"]
[Date "2023.08.01"]
[Round "7"]
[White "Itgelt, Khuyagtsogt"]
[Black "Dau, Khuong Duy"]
[Result "0-1"]
[WhiteElo "2397"]
[BlackElo "2292"]
[PlyCount "120"]
[EventDate "2023.08.01"]
[EventType "swiss (blitz)"]
[EventRounds "11"]
[EventCountry "USA"]
[SourceTitle "EXT 2024"]
[Source "ChessBase"]
[SourceDate "2023.10.10"]
[SourceVersion "1"]
[SourceVersionDate "2023.10.10"]
[SourceQuality "1"]

1. d4 Nf6 2. c4 g6 3. Nf3 Bg7 4. Nc3 0-0 5. e4 d6 6. Be2 e5 7. d5 a5 8. Bg5 Na6 9. Nd2 h6 10. Be3 Nc5 11. a3 a4 12. Bxc5 dxc5 13. Nxa4 b6 14. Nc3 Nd7 15. Bd3 h5 16. Qc2 Bh6 17. 0-0 Bxd2 18. Qxd2 Kg7 19. f4 f6 20. f5 g5 21. Be2 Rh8 22. d6 c6 23. Rfd1 Bb7 24. b4 Qf8 25. Qd3 Qf7 26. b5 Rhd8 27. a4 h4 28. Qb1 Rdb8 29. bxc6 Bxc6 30. Nb5 Bxb5 31. axb5 Qe8 32. Qd3 Rxa1 33. Rxa1 Ra8 34. Qd1 Qb8 35. Rc1 Qb7 36. Bf3 Ra2 37. h3 Qa8 38. Kh2 Qa3 39. Rb1 Qe3 40. Rb3 Qf4+ 41. Kh1 Rd2 42. Qa1 Rxd6 43. Rb1 Qe3 44. Rd1 Rxd1+ 45. Qxd1 Qd4 46. Qe2 Kf8 47. Bh5 Ke7 48. Bg6 Kd6 49. Bf7 Qa1+ 50. Kh2 Qc3 51. Bd5 Qg3+ 52. Kh1 g4 53. Qxg4 Qxg4 54. hxg4 Ke7 55. Kh2 Kf8 56. Kh3 Kg7 57. Kxh4 Kh6 58. g5+ fxg5+ 59. Kg3 Nf6 60. Be6 Nxe4+ 0-1

[Event "Titled Tuesday intern op 11th Jul Early"]
[Site "Chess.com INT"]
[Date "2023.07.11"]
[Round "4"]
[White "Dau, Khuong Duy"]
[Black "Goryachkina, Aleksandra"]
[Result "0-1"]
[WhiteElo "2302"]
[BlackElo "2557"]
[PlyCount "82"]
[EventDate "2023.07.11"]
[EventType "swiss (blitz)"]
[EventRounds "11"]
[EventCountry "USA"]
[SourceTitle "EXT 2024"]
[Source "ChessBase"]
[SourceDate "2023.10.10"]
[SourceVersion "1"]
[SourceVersionDate "2023.10.10"]
[SourceQuality "1"]

1. e4 c5 2. Nf3 e6 3. g3 Nc6 4. Bg2 Nf6 5. Nc3 d5 6. exd5 exd5 7. 0-0 d4 8. Re1+ Be7 9. Ne4 0-0 10. d3 h6 11. a4 Be6 12. b3 Rc8 13. Bd2 Nd5 14. Qe2 Qd7 15. a5 Rfe8 16. Bc1 Bg4 17. Bb2 Bf8 18. Qf1 Ncb4 19. Rec1 f5 20. Ned2 Re7 21. h3 Bh5 22. a6 b6 23. c3 dxc3 24. Bxc3 Nxc3 25. Rxc3 g5 26. d4 Bg7 27. Rac1 Rce8 28. Rc4 g4 29. hxg4 fxg4 30. Nh4 Bxd4 31. Kh2 Re2 32. Rd1 Rxf2 33. Qh1 Re3 34. Nf1 Rxb3 35. Rd2 Rxd2 36. Nxd2 Rxg3 37. Ne4 Re3 38. Qf1 Qe7 39. Nf5 Qe5+ 40. Neg3 Bg6 41. Nxh6+ Kg7 0-1

[Event "Titled Tuesday intern op 11th Jul Early"]
[Site "Chess.com INT"]
[Date "2023.07.11"]
[Round "10"]
[White "Dau, Khuong Duy"]
[Black "Tologontegin, Semetey"]
[Result "1-0"]
[WhiteElo "2302"]
[BlackElo "2368"]
[PlyCount "113"]
[EventDate "2023.07.11"]
[EventType "swiss (blitz)"]
[EventRounds "11"]
[EventCountry "USA"]
[SourceTitle "EXT 2024"]
[Source "ChessBase"]
[SourceDate "2023.10.10"]
[SourceVersion "1"]
[SourceVersionDate "2023.10.10"]
[SourceQuality "1"]

1. e4 g6 2. d4 Bg7 3. Nc3 c6 4. h4 h5 5. Nh3 d5 6. e5 Bf5 7. Ng5 e6 8. f3 a6 9. Be3 c5 10. g4 hxg4 11. fxg4 Be4 12. Ncxe4 dxe4 13. Nxe4 cxd4 14. Nd6+ Kf8 15. Qf3 Qa5+ 16. b4 Qc7 17. Bxd4 Nc6 18. Bc5 Nxe5 19. Qxb7 Qxb7 20. Nxb7+ Ne7 21. 0-0-0 Nxg4 22. Bg2 Bf6 23. Rhf1 Kg7 24. Nd6 Rad8 25. Bb6 Rb8 26. Bc5 Nf5 27. Nxf5+ gxf5 28. Bf3 Rxh4 29. a3 Kg6 30. Be2 a5 31. b5 Bg5+ 32. Kb2 Rh2 33. Bd6 Rc8 34. Bxh2 Nxh2 35. Rg1 Kf6 36. Rg2 Bf4 37. Rh1 Be5+ 38. Kb1 Rh8 39. c4 Rh3 40. Ka2 a4 41. Bd1 Bd6 42. c5 Bxc5 43. Rgxh2 Rxa3+ 44. Kb1 Rc3 45. Rc2 Rxc2 46. Bxc2 f4 47. Bxa4 e5 48. Bc2 Ke6 49. Rh6+ Kd5 50. b6 e4 51. Rh5+ Kd4 52. Rxc5 Kxc5 53. b7 e3 54. b8Q e2 55. Qe5+ Kb6 56. Qxe2 f3 57. Qxf3 1-0

[Event "Titled Tuesday intern op 11th Jul Early"]
[Site "Chess.com INT"]
[Date "2023.07.11"]
[Round "5"]
[White "Lux, Hugo de Melo"]
[Black "Dau, Khuong Duy"]
[Result "0-1"]
[WhiteElo "2324"]
[BlackElo "2302"]
[PlyCount "176"]
[EventDate "2023.07.11"]
[EventType "swiss (blitz)"]
[EventRounds "11"]
[EventCountry "USA"]
[SourceTitle "EXT 2024"]
[Source "ChessBase"]
[SourceDate "2023.10.10"]
[SourceVersion "1"]
[SourceVersionDate "2023.10.10"]
[SourceQuality "1"]

1. e4 c5 2. Nf3 d6 3. Bb5+ Nd7 4. Ba4 Ngf6 5. 0-0 e6 6. c4 Be7 7. Nc3 0-0 8. d4 cxd4 9. Nxd4 a6 10. Qe2 Qc7 11. f3 Ne5 12. Bb3 b6 13. Be3 Bb7 14. Rac1 Rac8 15. Na4 Nfd7 16. f4 Nc6 17. Nf3 Nc5 18. Nxc5 bxc5 19. Bc2 a5 20. Rcd1 Rcd8 21. Bb1 Bf6 22. b3 a4 23. Qf2 axb3 24. axb3 e5 25. Nh4 Bxh4 26. Qxh4 Nd4 27. Bxd4 cxd4 28. Rf3 f6 29. Rh3 g6 30. b4 Ra8 31. Bc2 Bc8 32. Rg3 Qg7 33. c5 dxc5 34. Bb3+ Kh8 35. bxc5 Ra3 36. Rc1 Ba6 37. h3 d3 38. Be6 Qe7 39. Bd5 d2 40. Rd1 Qxc5+ 41. Kh2 Rxg3 42. Qxg3 Qb4 43. Qf2 Qd6 44. f5 gxf5 45. Qxf5 Bc8 46. Qh5 f5 47. Rxd2 Qf6 48. Rf2 f4 49. Rc2 Qg7 50. Qf3 Re8 51. Rb2 Bd7 52. Rc2 Qe7 53. Rc7 Qd6 54. Qc3 Re7 55. Ra7 Kg7 56. Qc4 Qg6 57. Qc3 Qf6 58. Rc7 Be8 59. Rc6 Bxc6 60. Bxc6 Rc7 61. Qd3 Qxc6 62. Qd8 Rf7 63. Qg5+ Qg6 64. Qxe5+ Qf6 65. Qh5 f3 66. Qg4+ Kh8 67. gxf3 Qxf3 68. Qc8+ Kg7 69. Qc1 Qf2+ 70. Kh1 Qf1+ 71. Qxf1 Rxf1+ 72. Kg2 Rf7 73. Kg3 Kf6 74. Kg4 Ke5 75. Kg5 Kxe4 76. Kh6 Ke5 77. h4 Kf5 78. h5 Rf6+ 79. Kg7 Kg5 80. Kxh7 Rh6+ 81. Kg7 Rxh5 82. Kf7 Rh6 83. Kg7 Rf6 84. Kh7 Rf5 85. Kg7 Rf4 86. Kh7 Rf7+ 87. Kg8 Kg6 88. Kh8 Rf8# 0-1

[Event "Titled Tuesday intern op 11th Jul Early"]
[Site "Chess.com INT"]
[Date "2023.07.11"]
[Round "11"]
[White "Nefedov, Sergey Anatolievich"]
[Black "Dau, Khuong Duy"]
[Result "1-0"]
[WhiteElo "2304"]
[BlackElo "2302"]
[PlyCount "139"]
[EventDate "2023.07.11"]
[EventType "swiss (blitz)"]
[EventRounds "11"]
[EventCountry "USA"]
[SourceTitle "EXT 2024"]
[Source "ChessBase"]
[SourceDate "2023.10.10"]
[SourceVersion "1"]
[SourceVersionDate "2023.10.10"]
[SourceQuality "1"]

1. d4 Nf6 2. Nf3 g6 3. Bf4 Bg7 4. e3 0-0 5. Be2 d6 6. h3 Nbd7 7. 0-0 b6 8. a4 a6 9. Bh2 Bb7 10. Nc3 c5 11. d5 Rc8 12. e4 Ne8 13. Re1 Nc7 14. Bc4 Ne5 15. Nxe5 dxe5 16. Qe2 Ra8 17. Rad1 Ne8 18. f4 Qc7 19. f5 Nd6 20. g4 f6 21. h4 Kf7 22. b3 Ke8 23. Rf1 Kd8 24. Rf3 Kc8 25. Rdf1 gxf5 26. gxf5 Kb8 27. Kh1 Ka7 28. Rg1 Bh6 29. Rfg3 Bf4 30. R3g2 Bxh2 31. Kxh2 Rf7 32. Rg7 Raf8 33. Qh5 Qd7 34. Qxh7 Rxg7 35. Rxg7 Re8 36. Be2 Nxe4 37. Nxe4 Qxd5 38. Bf3 Qd4 39. Rxe7 Rxe7 40. Qxe7 Qe3 41. Kg2 Ka8 42. Qd8+ Ka7 43. Qd3 Qf4 44. Nd6 e4 45. Bxe4 Qg4+ 46. Kf2 Qxh4+ 47. Ke2 Qh2+ 48. Kd1 Qg1+ 49. Kd2 Qg5+ 50. Kc3 Bxe4 51. Nxe4 Qxf5 52. Kb2 Qe5+ 53. Nc3 f5 54. Ka2 f4 55. Nd5 b5 56. a5 Kb7 57. c4 bxc4 58. bxc4 Kc6 59. Qb3 Qe2+ 60. Ka3 Kd6 61. Qb8+ Kd7 62. Qc7+ Ke8 63. Qxc5 f3 64. Qe3+ Kd7 65. Kb4 Qd1 66. Kc5 Kc8 67. Qe8+ Kb7 68. Qc6+ Kb8 69. Qc7+ Ka8 70. Nb6# 1-0

[Event "Wch U12 blitz"]
[Site "Batumi"]
[Date "2023.06.11"]
[Round "10"]
[White "Dau, Khuong Duy"]
[Black "Tatvidze, Davit"]
[Result "1-0"]
[WhiteElo "2115"]
[BlackElo "1695"]
[PlyCount "65"]
[EventDate "2023.06.10"]
[EventType "swiss (blitz)"]
[EventRounds "11"]
[EventCountry "GEO"]
[SourceTitle "EXT 2024"]
[Source "ChessBase"]
[SourceDate "2023.10.10"]
[SourceVersion "1"]
[SourceVersionDate "2023.10.10"]
[SourceQuality "1"]
[WhiteTeam "Vietnam"]
[BlackTeam "Georgia"]
[WhiteTeamCountry "VIE"]
[BlackTeamCountry "GEO"]

1. e4 c5 2. Nf3 Nc6 3. Bb5 d6 4. 0-0 Bd7 5. Re1 g6 6. c3 Bg7 7. h3 Nf6 8. d4 cxd4 9. cxd4 0-0 10. Nc3 Rc8 11. a3 a6 12. Bf1 e5 13. dxe5 dxe5 14. Bg5 h6 15. Bh4 g5 16. Bg3 Re8 17. Bh2 Qb6 18. Nd5 Qd8 19. Rc1 Nh7 20. Bc4 Nf8 21. Ne3 Qb6 22. b4 Nd4 23. Nxd4 Qxd4 24. Qf3 Be6 25. Nf5 Qb2 26. Nd6 Bxc4 27. Rxc4 Rxc4 28. Qxf7+ Kh8 29. Nxe8 Ne6 30. Bg3 Rc6 31. Rd1 Qxa3 32. Nxg7 Nxg7 33. Bxe5 1-0

[Event "Wch U12 blitz"]
[Site "Batumi"]
[Date "2023.06.10"]
[Round "4"]
[White "Dau, Khuong Duy"]
[Black "Temirbekov, Taimaz"]
[Result "1-0"]
[WhiteElo "2115"]
[BlackElo "1924"]
[PlyCount "97"]
[EventDate "2023.06.10"]
[EventType "swiss (blitz)"]
[EventRounds "11"]
[EventCountry "GEO"]
[SourceTitle "EXT 2024"]
[Source "ChessBase"]
[SourceDate "2023.10.10"]
[SourceVersion "1"]
[SourceVersionDate "2023.10.10"]
[SourceQuality "1"]
[WhiteTeam "Vietnam"]
[BlackTeam "Russia"]
[WhiteTeamCountry "VIE"]
[BlackTeamCountry "RUS"]

1. e4 c5 2. Nf3 d6 3. d4 cxd4 4. Nxd4 Nf6 5. Nc3 a6 6. Rg1 e5 7. Nb3 Be6 8. g4 d5 9. exd5 Nxd5 10. Nxd5 Qxd5 11. Qxd5 Bxd5 12. Be3 Nc6 13. c3 0-0-0 14. Nd2 Be7 15. Bc4 Bxc4 16. Nxc4 b5 17. Nd2 Rd7 18. Ke2 Rhd8 19. Ne4 Kb7 20. h4 Na5 21. b3 Nc6 22. h5 g6 23. g5 gxh5 24. Rh1 h6 25. Rxh5 hxg5 26. Bxg5 Kc7 27. Be3 Rf8 28. Rf5 a5 29. Rg1 a4 30. b4 f6 31. Bc5 Bxc5 32. Nxc5 Re7 33. Rg6 e4 34. Rgxf6 Rxf6 35. Rxf6 Ne5 36. Ne6+ Kd7 37. Nd4 Rh7 38. Nxb5 Rh1 39. Rd6+ Ke7 40. Rd4 Ra1 41. a3 Ra2+ 42. Ke3 Ke6 43. Rxe4 Kf5 44. Rf4+ Ke6 45. c4 Rc2 46. Nd4+ Kd6 47. Nxc2 Nd7 48. Rd4+ Kc6 49. Rxd7 1-0